[Event "Lozovatsky memorial 2018"]
[Site "?"]
[Date "2018.01.12"]
[Round "4.1"]
[White "Bezgodov, Alexei"]
[Black "Simantsev, Mikhail"]
[Result "1-0"]
[BlackElo "2495"]
[WhiteElo "2482"]
[LiveChessVersion "1.4.8"]

1. e4 {[%clk 1:30:56]} e5 {[%clk 1:26:52]} 2. Nf3 {[%clk 1:29:41]} Nc6
{[%clk 1:21:35]} 3. Bb5 {[%clk 1:29:44]} a6 {[%clk 1:22:00]} 4. Ba4
{[%clk 1:30:09]} Nf6 {[%clk 1:22:25]} 5. O-O {[%clk 1:30:31]} Be7
{[%clk 1:22:52]} 6. Re1 {[%clk 1:30:51]} b5 {[%clk 1:23:18]} 7. Bb3
{[%clk 1:31:17]} d6 {[%clk 1:23:46]} 8. c3 {[%clk 1:31:34]} O-O {[%clk 1:24:13]}
9. h3 {[%clk 1:31:53]} Bb7 {[%clk 1:24:41]} 10. d4 {[%clk 1:32:11]} Re8
{[%clk 1:24:53]} 11. Nbd2 {[%clk 1:31:17]} exd4 {[%clk 1:23:53]} 12. cxd4
{[%clk 1:31:38]} Nd7 {[%clk 1:24:19]} 13. Nf1 {[%clk 1:31:46]} Na5
{[%clk 1:24:43]} 14. Bc2 {[%clk 1:32:10]} Bf6 {[%clk 1:25:09]} 15. Ng3
{[%clk 1:31:12]} g6 {[%clk 1:20:47]} 16. Bh6 {[%clk 1:31:06]} Nc4
{[%clk 1:09:01]} 17. a4 {[%clk 1:31:04]} bxa4 {[%clk 0:50:58]} 18. b3
{[%clk 1:31:03]} axb3 {[%clk 0:50:20]} 19. Bxb3 {[%clk 1:31:19]} Ncb6
{[%clk 0:49:19]} 20. Rb1 {[%clk 1:26:43]} c5 {[%clk 0:35:41]} 21. Bf4
{[%clk 1:00:30]} c4 {[%clk 0:30:20]} 22. Bc2 {[%clk 0:57:57]} d5 {[%clk 0:23:35]}
23. e5 {[%clk 0:57:51]} Bg7 {[%clk 0:23:52]} 24. Ng5 {[%clk 0:47:54]} Nf8
{[%clk 0:20:43]} 25. Nh5 {[%clk 0:44:42]} Bh8 {[%clk 0:20:12]} 26. Qf3
{[%clk 0:26:40]} Re7 {[%clk 0:18:32]} 27. Bd2 {[%clk 0:22:06]} a5
{[%clk 0:06:48]} 28. Nf6+ {[%clk 0:19:07]} Bxf6 {[%clk 0:07:02]} 29. exf6
{[%clk 0:18:04]} Rxe1+ {[%clk 0:05:58]} 30. Rxe1 {[%clk 0:18:09]} Bc8
{[%clk 0:04:08]} 31. Nxf7 {[%clk 0:13:53]} Kxf7 {[%clk 0:04:26]} 32. Re7+
{[%clk 0:14:17]} Kg8 {[%clk 0:04:54]} 33. Bh6 {[%clk 0:12:52]} Kh8
{[%clk 0:00:52]} 34. Bxf8 {[%clk 0:11:13]} Qxf8 {[%clk 0:01:17]} 35. Rxh7+
{[%clk 0:11:37]} 1-0

[Event "Lozovatsky memorial 2018"]
[Site "?"]
[Date "2018.01.12"]
[Round "4.2"]
[White "Fakhrutdinov, Timur"]
[Black "Tosic, Miroslav"]
[Result "1/2-1/2"]
[BlackElo "2416"]
[WhiteElo "2417"]
[LiveChessVersion "1.4.8"]

1. e4 {[%clk 1:30:57]} d6 {[%clk 1:30:22]} 2. d4 {[%clk 1:31:20]} Nf6
{[%clk 1:30:17]} 3. Nc3 {[%clk 1:31:41]} g6 {[%clk 1:30:40]} 4. f3
{[%clk 1:29:16]} a6 {[%clk 1:20:56]} 5. Be3 {[%clk 1:28:58]} b5 {[%clk 1:21:20]}
6. Qd2 {[%clk 1:29:05]} Nbd7 {[%clk 1:21:40]} 7. O-O-O {[%clk 1:28:01]} Nb6
{[%clk 1:21:44]} 8. h4 {[%clk 1:20:02]} h5 {[%clk 1:22:01]} 9. Bd3
{[%clk 1:15:50]} Bg7 {[%clk 1:18:05]} 10. Nce2 {[%clk 1:09:39]} Bb7
{[%clk 1:09:33]} 11. Nh3 {[%clk 1:08:42]} Qd7 {[%clk 1:01:55]} 12. Ng5
{[%clk 0:52:32]} e6 {[%clk 0:55:02]} 13. Kb1 {[%clk 0:44:04]} Nc4
{[%clk 0:54:00]} 14. Bxc4 {[%clk 0:42:30]} bxc4 {[%clk 0:54:28]} 15. Nc3
{[%clk 0:41:12]} d5 {[%clk 0:54:28]} 16. Bf4 {[%clk 0:39:11]} dxe4
{[%clk 0:54:48]} 17. Ngxe4 {[%clk 0:30:10]} Bxe4 {[%clk 0:54:15]} 18. Nxe4
{[%clk 0:24:41]} Nd5 {[%clk 0:51:10]} 19. Be5 {[%clk 0:17:16]} f6
{[%clk 0:49:04]} 20. Bh2 {[%clk 0:16:42]} Kf7 {[%clk 0:40:52]} 21. Rhe1
{[%clk 0:15:11]} Bh6 {[%clk 0:38:27]} 22. f4 {[%clk 0:14:05]} Rab8
{[%clk 0:27:42]} 23. c3 {[%clk 0:13:34]} Bf8 {[%clk 0:27:10]} 24. Ka1
{[%clk 0:10:57]} Rb5 {[%clk 0:19:18]} 25. Qe2 {[%clk 0:09:29]} Qc6
{[%clk 0:19:21]} 26. Nd2 {[%clk 0:06:48]} Nb6 {[%clk 0:17:34]} 27. Qe4
{[%clk 0:05:38]} Nd5 {[%clk 0:08:08]} 28. Qe2 {[%clk 0:05:51]} Nb6
{[%clk 0:08:33]} 29. Qe4 {[%clk 0:05:06]} Nd5 {[%clk 0:08:56]} 1/2-1/2

[Event "Lozovatsky memorial 2018"]
[Site "?"]
[Date "2018.01.12"]
[Round "4.3"]
[White "Gutenev, Alexander"]
[Black "Sitnikov, Anton"]
[Result "1-0"]
[BlackElo "2451"]
[WhiteElo "2485"]
[LiveChessVersion "1.4.8"]

1. e4 {[%clk 1:30:55]} d6 {[%clk 1:29:10]} 2. d4 {[%clk 1:31:15]} Nf6
{[%clk 1:29:34]} 3. Nc3 {[%clk 1:31:39]} Nbd7 {[%clk 1:29:55]} 4. Nf3
{[%clk 1:32:01]} e5 {[%clk 1:30:19]} 5. Bc4 {[%clk 1:31:43]} Be7 {[%clk 1:30:41]}
6. O-O {[%clk 1:32:06]} O-O {[%clk 1:31:07]} 7. Re1 {[%clk 1:32:32]} c6
{[%clk 1:31:31]} 8. a4 {[%clk 1:32:57]} exd4 {[%clk 1:31:39]} 9. Nxd4
{[%clk 1:32:52]} Ne5 {[%clk 1:32:01]} 10. Bf1 {[%clk 1:32:27]} Re8
{[%clk 1:32:23]} 11. h3 {[%clk 1:32:00]} Ng6 {[%clk 1:32:36]} 12. Qf3
{[%clk 1:28:28]} h6 {[%clk 1:18:04]} 13. Be3 {[%clk 1:17:06]} Bf8
{[%clk 1:17:43]} 14. Rad1 {[%clk 1:11:39]} Bd7 {[%clk 1:06:20]} 15. Bc1
{[%clk 0:46:01]} Kh8 {[%clk 0:07:48]} 16. Qg3 {[%clk 0:38:51]} a6
{[%clk 0:01:02]} 17. Bc4 {[%clk 0:37:47]} Ne5 {[%clk 0:01:07]} 18. Ba2
{[%clk 0:35:54]} b5 {[%clk 0:01:25]} 19. f4 {[%clk 0:17:05]} Nc4 {[%clk 0:00:35]}
20. Qd3 {[%clk 0:17:31]} d5 {[%clk 0:00:56]} 21. e5 {[%clk 0:13:38]} Ng8
{[%clk 0:00:53]} 22. b3 {[%clk 0:12:54]} Na5 {[%clk 0:00:58]} 23. Bb1
{[%clk 0:11:43]} c5 {[%clk 0:00:34]} 24. Nf3 {[%clk 0:11:12]} d4 {[%clk 0:00:34]}
25. Ne4 {[%clk 0:09:12]} Bf5 {[%clk 0:00:35]} 26. axb5 {[%clk 0:09:12]} axb5
{[%clk 0:00:52]} 27. Qxb5 {[%clk 0:07:18]} Bxe4 {[%clk 0:00:33]} 28. Rxe4
{[%clk 0:07:40]} Nf6 {[%clk 0:00:59]} 29. Ree1 {[%clk 0:06:47]} Nd5
{[%clk 0:01:21]} 30. Bd2 {[%clk 0:06:36]} Qc7 {[%clk 0:00:32]} 31. Qd3
{[%clk 0:06:27]} g6 {[%clk 0:00:42]} 32. Kh1 {[%clk 0:02:20]} Nc6
{[%clk 0:00:38]} 33. c3 {[%clk 0:02:21]} dxc3 {[%clk 0:00:38]} 34. Qxd5
{[%clk 0:02:10]} Rad8 {[%clk 0:00:34]} 35. Qc4 {[%clk 0:02:07]} cxd2
{[%clk 0:00:59]} 36. Rxd2 {[%clk 0:02:27]} Rxd2 {[%clk 0:00:57]} 37. Nxd2
{[%clk 0:02:54]} Nd4 {[%clk 0:00:31]} 38. Ne4 {[%clk 0:02:05]} Rb8
{[%clk 0:00:42]} 39. Re3 {[%clk 0:01:43]} Rb4 {[%clk 0:00:33]} 40. Qd5
{[%clk 0:01:41]} Ne6 {[%clk 0:00:49]} 41. Qa8 {[%clk 0:00:52]} Rd4
{[%clk 0:00:37]} 42. Rd3 {[%clk 0:00:55]} Qe7 {[%clk 0:00:33]} 43. Rxd4
{[%clk 0:00:38]} cxd4 {[%clk 0:00:56]} 44. Qa4 {[%clk 0:00:32]} Qc7
{[%clk 0:00:35]} 45. Qc4 {[%clk 0:00:51]} Qa5 {[%clk 0:00:36]} 46. Qf1
{[%clk 0:00:57]} Bg7 {[%clk 0:00:38]} 47. Bd3 {[%clk 0:01:19]} Qd5
{[%clk 0:00:36]} 48. Nd6 {[%clk 0:01:29]} Kg8 {[%clk 0:00:47]} 49. Bc4
{[%clk 0:01:48]} Qa5 {[%clk 0:00:32]} 50. f5 {[%clk 0:01:21]} gxf5
{[%clk 0:00:34]} 51. Nxf7 {[%clk 0:01:35]} 1-0

[Event "Lozovatsky memorial 2018"]
[Site "?"]
[Date "2018.01.12"]
[Round "4.4"]
[White "Kholopov, Alexander A"]
[Black "Chos, Alexey"]
[Result "1-0"]
[BlackElo "2317"]
[WhiteElo "2305"]
[LiveChessVersion "1.4.8"]

1. d4 {[%clk 1:16:32]} Nf6 {[%clk 1:30:40]} 2. c4 {[%clk 1:16:32]} c5
{[%clk 1:31:04]} 3. d5 {[%clk 1:16:59]} e6 {[%clk 1:31:20]} 4. Nc3
{[%clk 1:17:25]} exd5 {[%clk 1:31:46]} 5. cxd5 {[%clk 1:17:52]} d6
{[%clk 1:32:10]} 6. e4 {[%clk 1:18:20]} a6 {[%clk 1:32:25]} 7. a4
{[%clk 1:13:11]} g6 {[%clk 1:32:48]} 8. Bd3 {[%clk 1:11:10]} Bg7 {[%clk 1:33:05]}
9. h3 {[%clk 1:11:38]} O-O {[%clk 1:33:28]} 10. Nf3 {[%clk 1:12:06]} Re8
{[%clk 1:33:09]} 11. O-O {[%clk 1:12:31]} Nbd7 {[%clk 1:32:44]} 12. Re1
{[%clk 0:56:27]} Rb8 {[%clk 1:31:22]} 13. Bf4 {[%clk 0:54:14]} Qc7
{[%clk 1:29:26]} 14. Nd2 {[%clk 0:54:21]} Nh5 {[%clk 1:29:14]} 15. Be3
{[%clk 0:51:31]} Be5 {[%clk 1:25:17]} 16. Be2 {[%clk 0:34:40]} Nf4
{[%clk 1:23:09]} 17. Bf1 {[%clk 0:35:04]} Nf6 {[%clk 1:19:37]} 18. Nc4
{[%clk 0:29:53]} Qe7 {[%clk 1:16:38]} 19. Nxe5 {[%clk 0:25:40]} Qxe5
{[%clk 1:16:53]} 20. Qd2 {[%clk 0:20:03]} g5 {[%clk 1:16:23]} 21. h4
{[%clk 0:13:11]} Ng4 {[%clk 1:08:30]} 22. g3 {[%clk 0:13:12]} Nxe3
{[%clk 1:07:20]} 23. Qxe3 {[%clk 0:13:37]} f6 {[%clk 1:05:23]} 24. gxf4
{[%clk 0:10:27]} gxf4 {[%clk 1:05:45]} 25. Qf3 {[%clk 0:10:50]} Kh8
{[%clk 1:04:55]} 26. Bh3 {[%clk 0:11:14]} b5 {[%clk 1:03:38]} 27. Bxc8
{[%clk 0:10:28]} Rexc8 {[%clk 1:04:01]} 28. axb5 {[%clk 0:10:50]} axb5
{[%clk 1:04:23]} 29. Ne2 {[%clk 0:10:07]} Qxb2 {[%clk 1:01:16]} 30. Qxf4
{[%clk 0:08:28]} Rg8+ {[%clk 1:01:09]} 31. Ng3 {[%clk 0:08:32]} Qd4
{[%clk 0:59:34]} 32. Kh2 {[%clk 0:07:16]} b4 {[%clk 0:59:27]} 33. Nf5
{[%clk 0:06:32]} Qb2 {[%clk 0:59:22]} 34. Ra7 {[%clk 0:06:06]} Rg6
{[%clk 0:58:02]} 35. Nxd6 {[%clk 0:06:03]} Rf8 {[%clk 0:57:56]} 36. Rg1
{[%clk 0:04:12]} Kg8 {[%clk 0:54:48]} 37. Rxg6+ {[%clk 0:04:15]} hxg6
{[%clk 0:55:16]} 38. Kg2 {[%clk 0:03:13]} Qe2 {[%clk 0:55:06]} 39. Qg3
{[%clk 0:02:47]} Qh5 {[%clk 0:54:41]} 40. Nf5 {[%clk 0:02:34]} Kh8
{[%clk 0:53:00]} 41. Qd6 {[%clk 0:02:41]} Qg4+ {[%clk 0:52:06]} 42. Ng3
{[%clk 0:03:06]} Kg8 {[%clk 0:51:53]} 43. Qe7 {[%clk 0:03:23]} Kh8 1-0

[Event "Lozovatsky memorial 2018"]
[Site "?"]
[Date "2018.01.12"]
[Round "4.5"]
[White "Kazantsev, Nikita"]
[Black "Radzhabov, Rodion"]
[Result "0-1"]
[BlackElo "2314"]
[WhiteElo "2141"]
[LiveChessVersion "1.4.8"]

1. e4 {[%clk 1:29:04]} c5 {[%clk 1:30:56]} 2. Nf3 {[%clk 1:29:31]} Nc6
{[%clk 1:31:21]} 3. d4 {[%clk 1:29:27]} cxd4 {[%clk 1:31:47]} 4. Nxd4
{[%clk 1:29:55]} Qc7 {[%clk 1:32:11]} 5. Nc3 {[%clk 1:28:54]} e6 {[%clk 1:32:34]}
6. Be3 {[%clk 1:28:48]} a6 {[%clk 1:32:56]} 7. Be2 {[%clk 1:28:02]} Nf6
{[%clk 1:33:22]} 8. O-O {[%clk 1:28:24]} Bb4 {[%clk 1:33:48]} 9. Na4
{[%clk 1:25:11]} Be7 {[%clk 1:34:13]} 10. Nxc6 {[%clk 1:25:00]} bxc6
{[%clk 1:34:38]} 11. Nb6 {[%clk 1:25:28]} Rb8 {[%clk 1:35:03]} 12. Nxc8
{[%clk 1:25:54]} Qxc8 {[%clk 1:35:30]} 13. e5 {[%clk 1:25:02]} Nd5
{[%clk 1:35:51]} 14. Bd4 {[%clk 1:21:58]} c5 {[%clk 1:30:59]} 15. c4
{[%clk 1:19:17]} Nf4 {[%clk 1:27:24]} 16. Bc3 {[%clk 1:18:40]} O-O
{[%clk 1:24:16]} 17. Bf3 {[%clk 1:10:42]} Qc7 {[%clk 1:22:15]} 18. Qa4
{[%clk 0:58:04]} Nd3 {[%clk 1:04:38]} 19. Rad1 {[%clk 0:57:47]} Nxe5
{[%clk 1:04:48]} 20. Bxe5 {[%clk 0:58:01]} Qxe5 {[%clk 1:05:13]} 21. Qxd7
{[%clk 0:58:04]} Bf6 {[%clk 1:05:06]} 22. b3 {[%clk 0:58:13]} Qf4
{[%clk 1:04:44]} 23. Rfe1 {[%clk 0:51:37]} Be5 {[%clk 0:36:43]} 24. g3
{[%clk 0:47:30]} Qf6 {[%clk 0:36:58]} 25. Kg2 {[%clk 0:43:15]} Bd4
{[%clk 0:31:55]} 26. Qc6 {[%clk 0:38:43]} a5 {[%clk 0:30:52]} 27. Qa6
{[%clk 0:38:20]} Rfc8 {[%clk 0:23:39]} 28. Qxa5 {[%clk 0:36:38]} Bc3
{[%clk 0:23:35]} 29. Qa7 {[%clk 0:37:01]} Bxe1 {[%clk 0:23:15]} 30. Rxe1
{[%clk 0:37:29]} Qd8 {[%clk 0:09:54]} 31. Rd1 {[%clk 0:15:31]} Qc7
{[%clk 0:10:13]} 32. Rd7 {[%clk 0:12:27]} Qxa7 {[%clk 0:10:35]} 33. Rxa7
{[%clk 0:12:52]} Kf8 {[%clk 0:06:11]} 34. Kf1 {[%clk 0:12:52]} Rb6
{[%clk 0:04:57]} 35. Ra5 {[%clk 0:11:32]} Ke7 {[%clk 0:03:13]} 36. Rb5
{[%clk 0:11:43]} Rxb5 {[%clk 0:01:51]} 37. cxb5 {[%clk 0:12:08]} c4
{[%clk 0:02:13]} 38. bxc4 {[%clk 0:08:04]} Rxc4 {[%clk 0:02:42]} 39. Bd1
{[%clk 0:08:27]} Kd6 {[%clk 0:02:35]} 40. h4 {[%clk 0:08:49]} Kc5
{[%clk 0:02:44]} 41. a4 {[%clk 0:09:17]} Re4 {[%clk 0:02:16]} 42. Bc2
{[%clk 0:09:24]} Rc4 {[%clk 0:01:12]} 43. Bd1 {[%clk 0:09:41]} Rb4
{[%clk 0:01:06]} 44. Ke2 {[%clk 0:09:02]} Kd4 {[%clk 0:01:34]} 45. Kd2
{[%clk 0:08:43]} Rb2+ {[%clk 0:01:29]} 46. Bc2 {[%clk 0:09:02]} h6
{[%clk 0:01:16]} 47. h5 {[%clk 0:09:16]} e5 {[%clk 0:01:07]} 48. f3
{[%clk 0:09:42]} f6 {[%clk 0:01:30]} 49. g4 {[%clk 0:09:23]} Kc4 {[%clk 0:01:47]}
50. b6 {[%clk 0:08:12]} Rxb6 {[%clk 0:01:24]} 51. Ke3 {[%clk 0:08:39]} Kc3
{[%clk 0:00:53]} 52. Bd3 {[%clk 0:08:31]} Rd6 {[%clk 0:01:12]} 53. Be2
{[%clk 0:08:26]} Kb4 {[%clk 0:00:36]} 54. Ke4 {[%clk 0:08:19]} Kxa4
{[%clk 0:00:51]} 55. Kf5 {[%clk 0:08:43]} Kb4 {[%clk 0:00:52]} 56. Kg6
{[%clk 0:08:31]} Rd7 {[%clk 0:01:06]} 57. Ba6 {[%clk 0:07:58]} Kc5
{[%clk 0:01:17]} 58. Bc8 {[%clk 0:08:14]} Re7 {[%clk 0:01:05]} 59. Bf5
{[%clk 0:07:34]} Kd4 {[%clk 0:01:02]} 60. Be4 {[%clk 0:07:57]} Ke3
{[%clk 0:01:22]} 61. Kf5 {[%clk 0:08:21]} Ra7 {[%clk 0:01:05]} 62. Bd5
{[%clk 0:08:24]} Rd7 {[%clk 0:00:49]} 63. Bc6 {[%clk 0:08:32]} Rc7
{[%clk 0:01:10]} 64. Bd5 {[%clk 0:08:58]} Rc5 {[%clk 0:01:02]} 65. Be4
{[%clk 0:09:15]} Ra5 {[%clk 0:00:56]} 66. Kg6 {[%clk 0:09:36]} Ra7
{[%clk 0:00:51]} 67. Kf5 {[%clk 0:10:01]} Kf2 {[%clk 0:01:02]} 68. Bd5
{[%clk 0:07:19]} Kg3 {[%clk 0:01:06]} 69. Kg6 {[%clk 0:06:24]} Kf4
{[%clk 0:01:09]} 70. Be4 {[%clk 0:06:50]} Rd7 {[%clk 0:00:59]} 71. Ba8
{[%clk 0:07:15]} Ra7 72. Be4 {[%clk 0:07:26]} Rc7 {[%clk 0:01:05]} 73. Ba8
{[%clk 0:07:48]} Rd7 {[%clk 0:00:59]} 74. Be4 {[%clk 0:08:10]} Re7
{[%clk 0:01:23]} 75. Bd5 {[%clk 0:08:32]} Rd7 {[%clk 0:00:50]} 76. Be4
{[%clk 0:08:43]} Ra7 {[%clk 0:00:43]} 77. Bd5 {[%clk 0:08:56]} Kg3
{[%clk 0:00:54]} 78. Be4 {[%clk 0:09:13]} Kf4 {[%clk 0:00:48]} 79. Bd5
{[%clk 0:09:39]} Ra3 {[%clk 0:00:43]} 80. Kxg7 {[%clk 0:09:51]} Kg5
{[%clk 0:01:07]} 81. Be4 {[%clk 0:10:05]} Ra7+ {[%clk 0:01:35]} 82. Kh8
{[%clk 0:10:27]} Ra3 {[%clk 0:00:38]} 83. Kg7 {[%clk 0:10:48]} f5
{[%clk 0:00:50]} 84. gxf5 {[%clk 0:10:54]} Ra7+ {[%clk 0:01:18]} 85. Kg8
{[%clk 0:11:14]} Kf6 {[%clk 0:01:46]} 86. Kh8 {[%clk 0:09:46]} Rg7
{[%clk 0:01:38]} 87. Bc6 {[%clk 0:10:07]} Rg5 {[%clk 0:01:45]} 88. Be8
{[%clk 0:10:32]} Rxf5 {[%clk 0:02:10]} 89. Kh7 {[%clk 0:10:48]} Kg5
{[%clk 0:02:29]} 90. Bc6 {[%clk 0:10:06]} Kxh5 {[%clk 0:02:49]} 0-1

[Event "Lozovatsky memorial 2018"]
[Site "?"]
[Date "2018.01.12"]
[Round "4.6"]
[White "Remizov, Yaroslav"]
[Black "Matsenko, Andrei"]
[Result "0-1"]
[BlackElo "2285"]
[WhiteElo "2322"]
[LiveChessVersion "1.4.8"]

1. e4 {[%clk 1:30:09]} c6 {[%clk 1:30:29]} 2. d4 {[%clk 1:30:36]} d5
{[%clk 1:30:57]} 3. Nc3 {[%clk 1:31:02]} dxe4 {[%clk 1:31:23]} 4. Nxe4
{[%clk 1:31:31]} Nf6 {[%clk 1:31:48]} 5. Ng5 {[%clk 1:22:10]} h6 {[%clk 1:29:38]}
6. N5f3 {[%clk 1:22:28]} Bf5 {[%clk 1:27:31]} 7. Ne2 {[%clk 1:11:10]} e6
{[%clk 1:26:31]} 8. Ng3 {[%clk 1:09:56]} Bh7 {[%clk 1:25:49]} 9. Ne5
{[%clk 1:09:11]} Nbd7 {[%clk 1:24:52]} 10. f4 {[%clk 0:45:02]} Nxe5
{[%clk 1:17:17]} 11. fxe5 {[%clk 0:41:51]} Nd5 {[%clk 1:17:27]} 12. c3
{[%clk 0:39:06]} Qd7 {[%clk 1:05:50]} 13. Bd3 {[%clk 0:35:15]} Bxd3
{[%clk 1:02:33]} 14. Qxd3 {[%clk 0:33:10]} c5 {[%clk 1:02:52]} 15. O-O
{[%clk 0:31:06]} cxd4 {[%clk 1:03:18]} 16. Qxd4 {[%clk 0:31:15]} Rc8
{[%clk 0:51:16]} 17. Ne4 {[%clk 0:28:41]} b5 {[%clk 0:49:07]} 18. b3
{[%clk 0:20:41]} Be7 {[%clk 0:44:31]} 19. a4 {[%clk 0:07:03]} Nxc3
{[%clk 0:18:53]} 20. Qxd7+ {[%clk 0:06:51]} Kxd7 {[%clk 0:19:22]} 21. Nxc3
{[%clk 0:07:10]} Rxc3 {[%clk 0:19:51]} 22. axb5 {[%clk 0:07:17]} Bc5+
{[%clk 0:15:08]} 23. Kh1 {[%clk 0:07:46]} Ke7 {[%clk 0:15:31]} 24. Ba3
{[%clk 0:07:55]} Ra8 {[%clk 0:15:55]} 25. Rf3 {[%clk 0:01:27]} Rc2
{[%clk 0:15:41]} 26. Rf2 {[%clk 0:01:18]} Rc3 {[%clk 0:16:10]} 27. Rfa2
{[%clk 0:01:28]} Ke8 {[%clk 0:10:53]} 28. Bxc5 {[%clk 0:01:45]} Rxc5
{[%clk 0:11:22]} 29. b6 {[%clk 0:02:06]} Rac8 {[%clk 0:11:52]} 30. h3
{[%clk 0:01:15]} axb6 {[%clk 0:12:01]} 31. Ra7 {[%clk 0:01:09]} Rc1+
{[%clk 0:10:32]} 32. Rxc1 {[%clk 0:01:38]} Rxc1+ {[%clk 0:10:59]} 33. Kh2
{[%clk 0:02:08]} Rb1 {[%clk 0:10:32]} 34. Ra8+ {[%clk 0:02:24]} Kd7
{[%clk 0:11:01]} 35. Ra7+ {[%clk 0:02:53]} Kc6 {[%clk 0:11:22]} 36. Rxf7
{[%clk 0:03:18]} Rxb3 {[%clk 0:11:33]} 37. Rxg7 {[%clk 0:03:43]} Re3
{[%clk 0:10:21]} 38. Rh7 {[%clk 0:03:03]} Rxe5 {[%clk 0:10:26]} 39. Rxh6
{[%clk 0:03:32]} b5 {[%clk 0:10:49]} 40. Rh4 {[%clk 0:01:12]} Kc5
{[%clk 0:10:43]} 41. Rh8 {[%clk 0:00:43]} b4 {[%clk 0:10:38]} 42. g4
{[%clk 0:00:34]} b3 {[%clk 0:10:18]} 43. Kg3 {[%clk 0:00:40]} Kc4
{[%clk 0:09:19]} 44. Kf4 {[%clk 0:00:43]} Rb5 {[%clk 0:08:05]} 45. Rc8+
{[%clk 0:01:03]} Kd3 {[%clk 0:08:33]} 46. Rc1 {[%clk 0:00:57]} e5+
{[%clk 0:08:57]} 47. Kf3 {[%clk 0:00:42]} e4+ {[%clk 0:09:16]} 48. Kf4
{[%clk 0:01:10]} b2 {[%clk 0:08:46]} 49. Rd1+ {[%clk 0:00:36]} Ke2
{[%clk 0:09:10]} 50. Rb1 {[%clk 0:00:53]} e3 {[%clk 0:09:36]} 51. g5
{[%clk 0:00:35]} Rb4+ {[%clk 0:09:14]} 52. Kg3 {[%clk 0:00:35]} Kd3
{[%clk 0:05:37]} 53. g6 {[%clk 0:00:40]} Rb6 {[%clk 0:05:46]} 54. Kf4
{[%clk 0:00:32]} e2 {[%clk 0:05:28]} 55. g7 {[%clk 0:00:32]} Rg6 {[%clk 0:05:53]}
0-1

[Event "Lozovatsky memorial 2018"]
[Site "?"]
[Date "2018.01.12"]
[Round "4.7"]
[White "Gnusarev, Pavel"]
[Black "Frolov, Ivan"]
[Result "1-0"]
[BlackElo "2286"]
[WhiteElo "2294"]
[LiveChessVersion "1.4.8"]

1. d4 {[%clk 1:30:29]} Nf6 {[%clk 1:22:00]} 2. c4 {[%clk 1:30:47]} c5
{[%clk 1:22:14]} 3. d5 {[%clk 1:31:08]} b5 {[%clk 1:22:39]} 4. Nf3
{[%clk 1:31:16]} e6 {[%clk 1:23:05]} 5. e4 {[%clk 1:30:39]} Nxe4 {[%clk 1:18:16]}
6. Bd3 {[%clk 1:30:34]} Nf6 {[%clk 1:09:55]} 7. Nc3 {[%clk 1:29:27]} bxc4
{[%clk 1:07:46]} 8. Bxc4 {[%clk 1:25:56]} Ba6 {[%clk 1:03:04]} 9. Bxa6
{[%clk 1:25:55]} Nxa6 {[%clk 1:03:28]} 10. O-O {[%clk 1:26:15]} Qb6
{[%clk 0:53:07]} 11. Ne5 {[%clk 1:11:44]} Be7 {[%clk 0:41:39]} 12. Bg5
{[%clk 0:55:07]} Qxb2 {[%clk 0:26:50]} 13. dxe6 {[%clk 0:38:03]} Qxc3
{[%clk 0:21:57]} 14. Bxf6 {[%clk 0:32:40]} gxf6 {[%clk 0:21:57]} 15. Qxd7+
{[%clk 0:29:54]} Kf8 {[%clk 0:22:10]} 16. Nc6 {[%clk 0:30:07]} Kg7
{[%clk 0:05:02]} 17. Nxe7 {[%clk 0:25:36]} Rhd8 {[%clk 0:05:01]} 18. Nf5+
{[%clk 0:18:48]} Kg6 {[%clk 0:04:13]} 19. Nh4+ {[%clk 0:18:47]} Kh5
{[%clk 0:04:21]} 20. Qxf7+ {[%clk 0:16:00]} Kxh4 {[%clk 0:04:28]} 21. Qxh7+
{[%clk 0:16:08]} Kg4 {[%clk 0:04:29]} 22. Qg6+ {[%clk 0:13:15]} Kf4
{[%clk 0:04:37]} 23. Rae1 {[%clk 0:13:06]} 1-0

[Event "Lozovatsky memorial 2018"]
[Site "?"]
[Date "2018.01.12"]
[Round "4.8"]
[White "Tologontegin, Semetey"]
[Black "Mischuk, Dmitry"]
[Result "1-0"]
[BlackElo "2382"]
[WhiteElo "2409"]
[LiveChessVersion "1.4.8"]

1. Nf3 {[%clk 1:30:50]} Nf6 {[%clk 1:27:54]} 2. e3 {[%clk 1:30:59]} g6
{[%clk 1:26:55]} 3. d4 {[%clk 1:30:40]} Bg7 {[%clk 1:27:13]} 4. Be2
{[%clk 1:30:59]} c5 {[%clk 1:26:44]} 5. d5 {[%clk 1:26:20]} e6 {[%clk 1:26:10]}
6. c4 {[%clk 1:24:13]} exd5 {[%clk 1:26:34]} 7. cxd5 {[%clk 1:24:38]} d6
{[%clk 1:26:49]} 8. Nc3 {[%clk 1:24:46]} O-O {[%clk 1:26:49]} 9. Nd2
{[%clk 1:24:35]} a6 {[%clk 1:26:24]} 10. a4 {[%clk 1:24:52]} Nbd7
{[%clk 1:26:12]} 11. O-O {[%clk 1:24:29]} Re8 {[%clk 1:26:35]} 12. h3
{[%clk 1:20:07]} Rb8 {[%clk 1:24:23]} 13. e4 {[%clk 1:13:14]} h6 {[%clk 1:23:22]}
14. f4 {[%clk 1:06:19]} Nf8 {[%clk 0:53:06]} 15. Bd3 {[%clk 0:41:02]} Nh5
{[%clk 0:44:37]} 16. Qf3 {[%clk 0:38:44]} f5 {[%clk 0:34:23]} 17. Nc4
{[%clk 0:23:25]} Bd4+ {[%clk 0:13:59]} 18. Kh2 {[%clk 0:21:25]} Qf6
{[%clk 0:10:33]} 19. a5 {[%clk 0:08:23]} Ng7 {[%clk 0:07:31]} 20. Bd2
{[%clk 0:08:14]} Bd7 {[%clk 0:07:05]} 21. Rae1 {[%clk 0:07:18]} Rbd8
{[%clk 0:02:50]} 22. Kh1 {[%clk 0:06:14]} Bb5 {[%clk 0:02:34]} 23. e5
{[%clk 0:05:44]} dxe5 {[%clk 0:02:46]} 24. fxe5 {[%clk 0:06:10]} Qh4
{[%clk 0:02:02]} 25. Nxb5 {[%clk 0:03:16]} axb5 {[%clk 0:02:11]} 26. Nd6
{[%clk 0:03:43]} Rxe5 {[%clk 0:02:17]} 27. Rxe5 {[%clk 0:03:48]} Rxd6
{[%clk 0:02:25]} 28. Re2 {[%clk 0:01:54]} c4 {[%clk 0:02:13]} 29. Bb1
{[%clk 0:02:15]} Bxb2 {[%clk 0:01:47]} 30. Bf4 {[%clk 0:02:13]} Qf6
{[%clk 0:01:41]} 31. Rxb2 {[%clk 0:01:49]} Rd7 {[%clk 0:01:29]} 32. Rxb5
{[%clk 0:02:05]} g5 {[%clk 0:01:51]} 33. Bc1 {[%clk 0:02:13]} Qd6
{[%clk 0:00:36]} 34. Bxf5 {[%clk 0:01:18]} Re7 {[%clk 0:00:37]} 35. Ba3
{[%clk 0:01:31]} 1-0